000 00386nam a2200169Ia 4500
001 22718
003 IN-NITTTR
005 20251114233256.0
008 251113s9999||||xx |||||||||||||| ||eng||
040 _beng
040 _cIN-NITTTR
041 _aeng
082 _a690 B85E
100 _aBurberry, Peter
245 0 _aEnvironment and services. /
_cBurberry, Peter
942 _2ddc
_cBK
999 _c25347
_d25347